UBT Library

Modern Japanese organization and decision-making / (Record no. 43253)

000 -LEADER
fixed length control field 00629cam a2200229 i 4500
001 - CONTROL NUMBER
control field 2205509
005 - DATE AND TIME OF LATEST TRANSACTION
control field 20180223072057.0
008 - FIXED-LENGTH DATA ELEMENTS--GENERAL INFORMATION
fixed length control field 750731s1975 cau b 101 0 eng
010 ## - LIBRARY OF CONGRESS CONTROL NUMBER
LC control number 74016721
020 ## - INTERNATIONAL STANDARD BOOK NUMBER
International Standard Book Number 0520028570.
-- 0520030389
040 ## - CATALOGING SOURCE
Original cataloging agency DLC
Transcribing agency DLC
Modifying agency DLC
041 ## - LANGUAGE CODE
Language code of text/sound track or separate title eng
043 ## - GEOGRAPHIC AREA CODE
Geographic area code a-ja---
080 ## - UNIVERSAL DECIMAL CLASSIFICATION NUMBER
Universal Decimal Classification number 658.400
082 00 - DEWEY DECIMAL CLASSIFICATION NUMBER
Classification number 658.400 VOG
100 ## - Rafti
Rafti 54
101 ## - Shkurtesa
Shkurtesa LID
245 00 - TITLE STATEMENT
Title Modern Japanese organization and decision-making /
Statement of responsibility, etc edited by Ezra F. Vogel.
504 ## - BIBLIOGRAPHY, ETC. NOTE
Bibliography, etc Includes bibliographical references and index.
906 ## - LOCAL DATA ELEMENT F, LDF (RLIN)
a 7
b cbc
c orignew
d 2
e ocip
f 19
g y-gencatlg
942 ## - ADDED ENTRY ELEMENTS (KOHA)
Source of classification or shelving scheme
Item type Books
Holdings
Withdrawn status Lost status Source of classification or shelving scheme Damaged status Not for loan Collection code Permanent location Current location Shelving location Date acquired Total Checkouts Full call number Barcode Date last seen Price effective from Koha item type
          Koleksioni i përgjithshem UBT - Lipjan UBT - Lipjan Koleksioni i përgjithshem 02/23/2018   658.400 VOG 002-2999703 02/23/2018 02/23/2018 Books
UBT Library © 2015-2024. All rights reserved University Education for Business and Technology